Top 60 Länder nach Einwohner - Statistiken

Allgemein
  • Dieses Quiz wurde 11 mal gespielt
  • Das Durchschnittsergebnis liegt bei 49 aus 60
Antwortstatistiken
Anzahl Einwohner (2022) Länder % Korrekt
103'500'000 Ägypten
100%
44'900'000 Algerien
100%
46'200'000 Argentinien
100%
214'800'000 Brasilien
100%
1'436'600'000 China
100%
83'300'000 Deutschland
100%
67'600'000 Grossbritannien
100%
1'417'200'000 Indien
100%
275'500'000 Indonesien
100%
44'500'000 Irak
100%
88'600'000 Iran
100%
124'900'000 Japan
100%
36'700'000 Marokko
100%
127'500'000 Mexiko
100%
26'200'000 Niger
100%
235'800'000 Pakistan
100%
144'300'000 Russland
100%
36'700'000 Saudi-Arabien
100%
47'400'000 Spanien
100%
46'900'000 Sudan
100%
66'800'000 Thailand
100%
41'000'000 Ukraine
100%
332'800'000 Vereinigte Staaten
100%
25'800'000 Australien
86%
171'200'000 Bangladesch
86%
99'000'000 Demokratische Republik Kongo
86%
65'800'000 Frankreich
86%
58'900'000 Italien
86%
54'000'000 Kenia
86%
54'200'000 Myanmar
86%
218'500'000 Nigeria
86%
33'400'000 Peru
86%
115'600'000 Philippinen
86%
60'600'000 Südafrika
86%
51'600'000 Südkorea
86%
65'500'000 Tansania
86%
99'400'000 Vietnam
86%
41'100'000 Afghanistan
71%
35'600'000 Angola
71%
123'400'000 Äthiopien
71%
33'500'000 Ghana
71%
27'900'000 Kamerun
71%
38'800'000 Kanada
71%
32'700'000 Malaysia
71%
22'600'000 Mali
71%
33'000'000 Mosambik
71%
26'100'000 Nordkorea
71%
38'000'000 Polen
71%
85'200'000 Türkei
71%
33'700'000 Jemen
57%
49'100'000 Kolumbien
57%
22'400'000 Sri Lanka
57%
23'200'000 Taiwan
57%
47'200'000 Uganda
57%
28'300'000 Venezuela
57%
22'700'000 Burkina Faso
43%
28'200'000 Elfenbeinküste
43%
29'600'000 Madagaskar
43%
30'900'000 Nepal
43%
35'600'000 Usbekistan
14%
Keine übereinstimmenden Quizze gefunden
Verteilung der Resultate
Anzahl Personen mit jedem Resultat
Perzentil nach korrekt beantworteten Fragen
Ihre Resultats-Entwicklung
Sie haben dieses Quiz noch nicht gespielt